Binnenländer Europa - Sudden death - Statistiken

Allgemein
  • Dieses Quiz wurde 75 mal gespielt
  • Das Durchschnittsergebnis liegt bei 11 aus 15
Answers on the Grid
Answers color-coded by a green-red scale on the quiz's grid according to % correct below.
Belgien
Ukraine
Tschechien
Albanien
Lettland
Liechtenstein
Belarus
Deutschland
Serbien
Nordmazedonien
Island
Luxemburg
Andorra
Bulgarien
Vatikanstadt
Bosnien und Herzegowina
Slowenien
Österreich
Litauen
San Marino
Rumänien
Moldau
Montenegro
Slowakei
Monaco
Malta
Ungarn
Schweiz
Polen
Kosovo
 
Antwortstatistiken
Antwort % Korrekt
Liechtenstein
87%
Luxemburg
87%
Tschechien
87%
Andorra
84%
Österreich
81%
Vatikanstadt
81%
Serbien
74%
Slowakei
73%
Schweiz
71%
Belarus
68%
San Marino
68%
Ungarn
68%
Kosovo
65%
Moldau
65%
Nordmazedonien
63%
Keine übereinstimmenden Quizze gefunden
Verteilung der Resultate
Anzahl Personen mit jedem Resultat
Perzentil nach korrekt beantworteten Fragen
Ihre Resultats-Entwicklung
Sie haben dieses Quiz noch nicht gespielt